Thái độ của sĩ phu Việt Nam : Thời tiếp xúc Đông - Tây (Từ thế kỷ XVII đến đầu thế kỷ XX )
Trình bày hoàn cảnh lịch sử cuộc tiếp xúc Đông - Tây và thái độ của sĩ phu Việt Nam qua hai giai đoạn: từ thế kỷ XVII đến nửa đầu thế kỷ XIX và từ nửa sau thế kỷ XIX đến trước chiến tranh thế giới thứ nhất. Trên cơ sở đó, phân tích s...
Đã lưu trong:
| 主要作者: | |
|---|---|
| 格式: | 图书 |
| 语言: | Undetermined |
| 出版: |
Thành phố Hồ Chí Minh
Tổng hợp Thành phố Hồ Chí Minh
2014
|
| 主题: | |
| 标签: |
添加标签
没有标签, 成为第一个标记此记录!
|
| Thư viện lưu trữ: | Trung tâm Học liệu Trường Đại học Cần Thơ |
|---|
| LEADER | 01398nam a2200229Ia 4500 | ||
|---|---|---|---|
| 001 | CTU_210676 | ||
| 008 | 210402s9999 xx 000 0 und d | ||
| 020 | |c 100000 | ||
| 082 | |a 305.55209597 | ||
| 082 | |b Th502 | ||
| 100 | |a Trần, Thuận | ||
| 245 | 0 | |a Thái độ của sĩ phu Việt Nam : | |
| 245 | 0 | |b Thời tiếp xúc Đông - Tây (Từ thế kỷ XVII đến đầu thế kỷ XX ) | |
| 245 | 0 | |c Trần Thuận (Chủ biên) | |
| 260 | |a Thành phố Hồ Chí Minh | ||
| 260 | |b Tổng hợp Thành phố Hồ Chí Minh | ||
| 260 | |c 2014 | ||
| 520 | |a Trình bày hoàn cảnh lịch sử cuộc tiếp xúc Đông - Tây và thái độ của sĩ phu Việt Nam qua hai giai đoạn: từ thế kỷ XVII đến nửa đầu thế kỷ XIX và từ nửa sau thế kỷ XIX đến trước chiến tranh thế giới thứ nhất. Trên cơ sở đó, phân tích sự phân hoá trong nhận thức tư tưởng của giới tinh hoa trí thức nước ta dẫn đến những cuộc vận động cải cách theo nhiều khuynh hướng khác nhau | ||
| 650 | |a Intellectual,Trí thức | ||
| 650 | |z Vietnam,Việt Nam | ||
| 904 | |i Võ Tấn Anh,Hải | ||
| 980 | |a Trung tâm Học liệu Trường Đại học Cần Thơ | ||